| 000 | 00437nam a22001811a 4500 | ||
|---|---|---|---|
| 001 | 1336 | ||
| 003 | OSt | ||
| 005 | 20260204211730.0 | ||
| 008 | 040119s1982||||sp ||||||b||||||||||spa|| | ||
| 050 | _a591 M829i | ||
| 082 | _a591 M829i | ||
| 100 | _aMorón Ríos, Miguel Angel | ||
| 245 | _aIntroducción a la zoología / Miguel Angel Morón Ríos | ||
| 264 | _aEspaña | ||
| 300 | _a111 p. | ||
| 650 | _a1.ZoologíaÌ | ||
| 942 |
_2ddc _cBK |
||
| 999 |
_c1336 _d1336 |
||